000 00543nmm a2200169Ia 4500
008 251105s9999||||xx |||||||||||||||||und||
020 _a8470304631
041 _aspa
100 _aFernández, Roberto
245 0 _aEl laboratorio americano : arquitectura, geocultura y regionalismo
264 _a[Madrid, España] :
_bBiblioteca Nueva,
_c1998
300 _a320 páginas
490 _aMetrópoli: Espacios de la arquitectura
650 _aArchitecture & Sculpture
856 _uhttps://public.digitaliapublishing.com/a/4401
942 _cCF
999 _c73078
_d73078